ARRUPE JESUIT UNIVERSITY

CORONAVIRUS -STOP THE SPREAD - CLEAN,DISINFECT,COVER

The Ignatian way (Record no. 1686)

MARC details
000 -LEADER
fixed length control field 00657nam a2200253Ia 4500
003 - CONTROL NUMBER IDENTIFIER
control field 0100
008 - FIXED-LENGTH DATA ELEMENTS--GENERAL INFORMATION
fixed length control field 130227s9999 xx 000 0 und d
020 ## - INTERNATIONAL STANDARD BOOK NUMBER
International Standard Book Number 0829407103
040 ## - CATALOGING SOURCE
Transcribing agency ARRUPELIB
050 ## - LIBRARY OF CONGRESS CALL NUMBER
Classification number BX3702.2.D4313 1991
100 ## - MAIN ENTRY--PERSONAL NAME
Personal name Decloux, Simon
245 #4 - TITLE STATEMENT
Title The Ignatian way
245 ## - TITLE STATEMENT
Remainder of title For the greater glory of God
260 ## - PUBLICATION, DISTRIBUTION, ETC. (IMPRINT)
Place of publication, distribution, etc Chicago
260 ## - PUBLICATION, DISTRIBUTION, ETC. (IMPRINT)
Name of publisher, distributor, etc Loyola University Press
260 ## - PUBLICATION, DISTRIBUTION, ETC. (IMPRINT)
-- 1991
300 ## - PHYSICAL DESCRIPTION
Extent ix
300 ## - PHYSICAL DESCRIPTION
Other physical details 139p 23cm
650 ## - SUBJECT ADDED ENTRY--TOPICAL TERM
Topical term following geographic name as entry element Gertrude du S Sacrement
650 ## - SUBJECT ADDED ENTRY--TOPICAL TERM
Location of event Henningsen, Amelice de
650 ## - SUBJECT ADDED ENTRY--TOPICAL TERM
Active dates Missionary Sisters of the Assumption
700 ## - ADDED ENTRY--PERSONAL NAME
Personal name Buckley, Cornelius Michael (tr)
942 ## - ADDED ENTRY ELEMENTS (KOHA)
Source of classification or shelving scheme Library of Congress Classification
Koha issues (borrowed), all copies 4
Holdings
Withdrawn status Lost status Source of classification or shelving scheme Damaged status Not for loan Collection code Home library Current library Shelving location Date acquired Total Checkouts Full call number Barcode Date last seen Date last borrowed Copy number Price effective from Koha item type
    Library of Congress Classification     Main Collection ARRUPE LIBRARY ARRUPE LIBRARY   27/02/2013 5 BX3702.2.D4313 1991 46402665 25/09/2019 20/09/2019 1 27/02/2013 Monograph ( Printed materials)

 

Arrupe Library. PO Box MP320 Mt Pleasant, Harare, Zimbabwe
263 242 745411|librarian@aju.ac.zw